000 00524nam a2200217Ia 4500
003 OSt
005 20140313094400.0
008 140130s9999 xx 000 0 und d
020 _a9780590442800
050 _aPZ 7
_b.B852Ck 1984
100 _aBridwell, Norman
245 _cNorman Bridwell.
_aClifford's kitten /
260 _bScholastic,
_c1984.
_aNew York :
300 _a40 p. :
_bcol. ill. ;
_c19 cm.
440 _v1
521 _aG2
526 _c410
942 _cBK
_2lcc
999 _c40263
_d40263